000 00917nam a2200301Ia 4500
001 Z_5177
003 CHAP
008 220113s2004 xx 000 0 und d
010 _a168237
040 _cCHAP
090 _aTesis V 1825
100 _aValencia Vega, Rafael
_9117448
245 _aEfecto de la administración de GnRH en la Fertilidad de ovejas Suffolk y Rideau Arcott sincronizadas /
_cpor Rafael Valencia Vega
260 _aChapingo, Méx. :
_bEl autor,
_c2004
300 _a34 h.
502 _aTesis (Ing. Agr. Esp. en Zootecnia) -- UACH. Departamento de Zootecnia
650 _aGanado lanar
_xFecundidad
_945181
650 _aGanado lanar
_xInseminación
_945188
650 _aGanado lanar
_xRazas
_945218
650 _aGanado Suffolk
_945424
650 _aGonadotropina
_948622
901 _aTESIS V 1825
902 _aM
910 _a2004
942 _c2
942 _c2
999 _c168237
_d168237